| 000 | 00767 a2200193 4500 | ||
|---|---|---|---|
| 020 | _a0735403589 | ||
| 020 | _a9780735403581 | ||
| 082 | _a530.072073 | ||
| 090 |
_c1257 _d1257 |
||
| 100 | _a Brodsky,Marc H. | ||
| 245 | 1 | 0 |
_a2007 graduate programs in physics, astronomy, and related fields / _cAmerican Institute of Physics. |
| 260 |
_a[S.l.] : _bAmerican Inst. of Physics, _c2006. |
||
| 300 |
_a842 p. ; _c28 cm. |
||
| 490 | 1 | _aGraduate programs in physics, astronomy & related fields. | |
| 700 | 1 | _a Brodsky,Marc H. | |
| 830 | 0 | _aGraduate programs in physics, astronomy & related fields. | |
| 942 |
_aSNS _cBK _k530.072073 BRO |
||
| 999 |
_c29870 _d29870 |
||